Kalendár - Almanac National Slovak Society of the USA for year of ...

Bibliographic Details
Other Authors: Stolarik, Marian Mark, 1943- (Compiler)
Format: Serial
Language:English
Slovak
PhysicalDescription:zv. fotogr., ilustr. 28 cm
Published: Pittsburgh Slavia Printing Company 1990-
Subjects:

MARC

LEADER 00000cas a2200000 a 4500
001 vtls001371212
003 SK-MaSNL
005 20260228155714.0
008 990831c19909999xxuar 5 0 0a0eng d
015 |a SNBZSA2000-00078 
035 |a SNK000325014 
040 |a SNK  |b slo  |c SNK  |e AACR2 
041 0 |a eng  |a slo 
043 |a n-us--- 
044 |a xxu  |c US 
072 7 |a 323  |x Vnútropolitický vývoj, politický život  |2 konspekt 
072 7 |a 061.2  |x Nevládne organizácie a kooperácia  |2 konspekt 
080 |a 050  |2 2011 
080 |a 323.15  |2 2011 
080 |a (=162.4)  |2 2011 
080 |a 323.113:061.2  |2 2011 
080 |a (73)  |2 2011 
080 |a (059)  |2 2011 
245 0 0 |a Kalendár - Almanac National Slovak Society of the USA for year of ... 
260 |a Pittsburgh  |b Slavia Printing Company  |c 1990- 
300 |a zv.  |b fotogr., ilustr.  |c 28 cm 
310 |a 1x ročne 
362 0 |a 1990- 
500 |a [Zost.]: 1999 - Mark Stolarik ... [et. al.] 
500 |a Súčasťou názvu je označenie roku 
546 |a Čiast. text slov. 
650 0 7 |a Slováci v zahraničí  |z USA  |2 SNKPH  |9 84846 
650 0 7 |a krajanské spolky a organizácie  |2 SNKPH  |9 103573 
651 7 |a Spojené štáty americké  |2 SNKPHgeo  |9 18262 
655 7 |a textové kalendáre  |2 SNKPH  |9 60816 
700 1 |a Stolarik, Marian Mark,  |d 1943-  |4 com  |9 132034 
910 |a snk 
916 |a 1991-1999, 2005, 2006 
958 |a ZS 
958 |a US 
958 |a ZB 
958 |a LBI 197 
958 |a LBII 188 
999 |c 282  |d 282 
952 |0 0  |1 0  |4 0  |7 0  |8 2  |a SNK  |b SNK  |d 1997-07-01  |f 1  |i snkV 1693/1997  |l 0  |o snkČSB 18/105/1997  |p 17A0072163  |r 2005-01-02 00:00:00  |w 2026-02-21  |y PREZ 
952 |0 0  |1 0  |4 0  |7 0  |8 2  |a SNK  |b SNK  |d 1999-01-21  |i snkV 2838/1997  |l 0  |o snkČSB 18/105/1997 D1  |p 17A0108494  |r 2005-01-02 00:00:00  |w 2026-02-21  |y PREZ 
952 |0 0  |1 0  |4 0  |7 0  |8 2  |a SNK  |b SNK  |d 2010-02-22  |f 1  |i snkV 2107/1993  |l 0  |o snkČSB 18/101/1993  |p 17A0635442  |r 2026-02-21 19:42:49  |w 2026-02-21  |y PREZ 
952 |0 0  |1 0  |4 0  |7 0  |8 2  |a SNK  |b SNK  |d 2010-02-23  |i snkV 2382/1994  |l 0  |o snkČSB 18/102/1994  |p 17A0635443  |r 2026-02-21 19:42:54  |w 2026-02-21  |y PREZ 
952 |0 0  |1 0  |4 0  |7 0  |8 2  |a SNK  |b SNK  |d 2010-02-23  |i snkV 1846/1995  |l 0  |o snkČSB 18/102/1994 D1  |p 17A0635445  |r 2026-02-21 19:42:56  |w 2026-02-21  |y PREZ 
952 |0 0  |1 0  |4 0  |7 0  |8 2  |a SNK  |b SNK  |d 2009-10-21  |f 1  |i snkV 2009/19009  |l 0  |o snkČSB 18/113/2005  |p 17A0582853  |r 2026-02-21 20:16:08  |w 2026-02-21  |y PREZ 
952 |0 0  |1 0  |4 0  |7 0  |8 2  |a SNK  |b SNK  |d 2000-03-20  |f 1  |i snkV 527/2000  |l 0  |o snkČSB 18/107/1999  |p 17A0248974  |r 2005-01-02 00:00:00  |w 2026-02-21  |y PREZ 
952 |0 0  |1 0  |4 0  |7 0  |8 2  |a SNK  |b SNK  |d 1998-11-16  |f 1  |i snkV 1517/1998  |l 0  |o snkČSB 18/106/1998  |p 17A0141278  |r 2005-01-02 00:00:00  |w 2026-02-21  |y PREZ 
952 |0 0  |1 0  |4 0  |7 0  |8 2  |a SNK  |b SNK  |d 2001-05-16  |f 1  |i snkV 3011/1991  |l 0  |o snkČSB 18/99/1991  |p 17A0145112  |r 2005-01-02 00:00:00  |w 2026-02-21  |y PREZ 
952 |0 0  |1 0  |4 0  |7 0  |8 2  |a SNK  |b SNK  |d 2001-05-16  |i snkV 2458/1992  |l 0  |o snkČSB 18/99/1991 D1  |p 17A0268693  |r 2005-01-02 00:00:00  |w 2026-02-21  |y PREZ 
952 |0 0  |1 0  |4 0  |7 0  |8 2  |a SNK  |b SNK  |d 2009-10-21  |f 1  |i snkV 2009/19010  |l 0  |o snkČSB 18/114/2006  |p 17A0582852  |r 2026-02-21 21:13:05  |w 2026-02-21  |y PREZ 
952 |0 0  |1 0  |4 0  |7 0  |8 2  |a SNK  |b SNK  |d 1996-11-18  |f 1  |i snkV 2041/1996  |l 0  |o snkČSB 18/103/1995  |p 17A0008594  |r 2005-01-01 00:00:00  |w 2026-02-21  |y PREZ 
952 |0 0  |1 0  |4 0  |7 0  |8 2  |a SNK  |b SNK  |d 1996-11-18  |i snkV 2040/1996  |l 0  |o snkČSB 18/101/1993 D1  |p 17A0008577  |r 2005-01-01 00:00:00  |w 2026-02-21  |y PREZ 
952 |0 0  |1 0  |4 0  |7 0  |8 2  |a SNK  |b SNK  |d 1996-11-18  |i snkV 2038/96  |l 0  |o snkČSB 18/98/1990  |p 17A0008593  |r 2005-01-01 00:00:00  |w 2026-02-21  |y PREZ 
952 |0 0  |1 0  |4 0  |7 0  |8 2  |a SNK  |b SNK  |d 1996-11-18  |f 1  |i snkV 882/1992  |l 0  |o snkČSB 18/100/1992  |p 17A0268695  |r 2005-01-01 00:00:00  |w 2026-02-21  |y PREZ 
952 |0 0  |1 0  |4 0  |7 0  |8 2  |a SNK  |b SNK  |d 1996-11-18  |i snkV 2039/1996  |l 0  |o snkČSB 18/100/1992 D1  |p 17A0008592  |r 2005-01-01 00:00:00  |w 2026-02-21  |y PREZ 
952 |0 0  |1 0  |4 0  |7 0  |8 2  |a SNK  |b SNK  |d 1997-01-23  |f 1  |i snkV 292/1997  |l 0  |o snkČSB 18/104/1996  |p 17A0027804  |r 2005-01-01 00:00:00  |w 2026-02-21  |y PREZ